| 000 | 00574nam a2200181 a 4500 | ||
|---|---|---|---|
| 001 | 000026210 | ||
| 005 | 20200930024409.0 | ||
| 008 | 091125s1999 ag 000 0 spa d | ||
| 020 | _a9500913585 | ||
| 040 |
_aDO-SdBNP _bspa _cBNPHU |
||
| 082 |
_axxx _bxxx |
||
| 100 | 1 |
_aGonzález, Eduardo A. _953219 |
|
| 245 | 1 | 3 |
_aLa santísima trinidad. : _bcatequesis y triduo de trisagio a la Trinidad / _cEduardo A. González. |
| 260 |
_aArgentina : _bPaulinas, _c1999. |
||
| 300 |
_a23 p. ; _c14 cm. |
||
| 490 | 1 | _aMinilibros Catequéticos | |
| 830 | 0 |
_aMinilibros Catequéticos _953220 |
|
| 999 |
_c25702 _d25702 |
||